| 000 | 00669na a2200253 4500 | ||
|---|---|---|---|
| 001 | 14838 | ||
| 003 | MIRAKIL | ||
| 005 | 20181213154843.0 | ||
| 008 | 161031b tu 000 0 | ||
| 020 | _a9757496103 | ||
| 040 |
_aMilas _btur _cTR-AnCHP |
||
| 041 | _atur | ||
| 082 |
_a818.42 _bB56a 1993 |
||
| 090 | _a818.42 B56a 1993 | ||
| 100 |
_aBirsel, Salah _d1919-1999 |
||
| 245 |
_aAh Beyoğlu vah Beyoğlu _bSalah bey tarihi 2 _cSalah Birsel |
||
| 246 | _bSalah bey tarihi 2 | ||
| 250 | _a5. bs. | ||
| 260 |
_aİstanbul _bNisan _c1993 |
||
| 300 |
_a287 s. _c20 sm. |
||
| 490 |
_aNisan yayını _v14 |
||
| 650 |
_aTürk edebiyatı _xÖykü |
||
| 942 |
_2ddc _cBKS |
||
| 999 |
_c2031 _d2031 |
||